000 00502nam a2200169 i 4500
001 bgj
100 1 _aHAWTHORNE, Nathaniel
_d(1804-1864).
245 0 0 _aHawthorne's short stories /
_cedited and with an introduction by Newton Arvin.
260 _aNew York :
_bVintage Books,
_cc. 1946.
300 _a[XXII], 363 pp +
_e19 cm.
650 9 _aShort stories, American
700 1 _aARVIN, Newton
_d(1900- )
040 _cBPK
041 0 _aeng
942 _cKS
008 s uk f |000 0 eng
999 _c47951
_d47951